Statystyki dla Największe stolice Europy.

Kliknij tutaj aby rozwiązać quiz!

Ogólne statystyki

  • Ten quiz został rozwiązany 171 razy
  • Średni wynik to 8 z 10

Statystyki odpowiedzi

Liczba ludnościMiasto% Poprawnych
3,7 mlnBerlin
97%
12,6 mlnMoskwa
96%
2,1 mlnParyż
96%
3,2 mlnMadryt
94%
2,8 mlnRzym
94%
8,9 mlnLondyn
93%
2,9 mlnKijów
81%
1,9 mlnWiedeń
67%
1,8 mlnBukareszt
64%
2 mlnMińsk
61%

Rozkład punktacji

Percentyl według liczby udzielonych odpowiedzi

Procent ludzi z każdym wynikiem

Twoja historia wyników

Nie rozwiązałeś tego quizu